| 000 | 004710000a22000970004500 | ||
|---|---|---|---|
| 100 | 1 | _aArias Satizabal, Medardo (1956-) | |
| 245 | 1 | 0 | _aLa rumba de la "prohibición" : Con el Carnaval de Barranquilla, otros festejos similares se anuncian por el mundo. El origen de esta fiesta tiene que ver con la prohibición de la iglesia de consumir carne en llamado Martes de Absolución |
| 300 | _aVol. 34, Num. 34 (Febrero, 1994), Páginas 36-37 | ||
| 773 | 0 | _tCambio 16 | |
| 942 | _cANA | ||
| 999 |
_c58383 _d58383 |
||